Canto a mi mismo

Guardat en:
Dades bibliogràfiques
Autor principal: Whitman, Walt (Autor)
Format: Llibre
Idioma:espanyol
Publicat: Buenos Aires Losada 1982
Edició:12a. ed
Col·lecció:Biblioteca clásica y contemporánea
Matèries:
Etiquetes: Afegir etiqueta
Sense etiquetes, Sigues el primer a etiquetar aquest registre!

MARC

LEADER 00000nam a2200000 a 4500
001 UCX1011
003 CL-VaPUC
008 900516e19820000AG |||||||||||||||||spa|d
082 0 4 |a 811  |b WHI  |2 21 
100 0 |a Whitman, Walt  |e author  |9 316401 
245 1 0 |a Canto a mi mismo 
250 |a 12a. ed 
300 |a 138 p 
942 |c BK 
945 |d 19900516 00:00:00 
260 |a Buenos Aires  |b Losada  |c 1982 
650 7 |a POESIAS ESTADOUNIDENSES  |2 CL-VaPUC  |9 316402 
583 |a last modification  |c 19900516 00:00:00  |k Rodrigo Vera 
490 0 |a Biblioteca clásica y contemporánea 
999 |c 222363  |d 222361 
952 |0 0  |1 0  |4 0  |6 811_000000000000000_WHI_1982  |7 0  |8 A  |9 216963  |a BIBEDU  |b BIBEDU  |d 2019-11-15  |i 1425137  |l 1  |o 811 WHI 1982  |p 1425137  |r 2024-04-25  |s 2024-03-25  |w 2019-11-15  |y BK  |k LIT